Normal view MARC view
  • Sehiffman, Lean C. and Kanuk, Leslic lazer

Entry Personal Name

Number of records used in: 1

001 - CONTROL NUMBER

  • control field: 2499

003 - CONTROL NUMBER IDENTIFIER

  • control field: OSt

005 - DATE AND TIME OF LATEST TRANSACTION

  • control field: 20160622121713.0

008 - FIXED-LENGTH DATA ELEMENTS

  • fixed length control field: 160622|| aca||aabn | a|a d

040 ## - CATALOGING SOURCE

  • Original cataloging agency: OSt
  • Transcribing agency: OSt

100 ## - HEADING--PERSONAL NAME

  • Personal name: Sehiffman, Lean C. and Kanuk, Leslic lazer

670 ## - SOURCE DATA FOUND

  • Source citation: Work cat.: (OSt): Sehiffman, Lean C. and Kanuk, Leslic lazer, Consumer Behaviour, 2008